000 00716nam a2200289Ia 4500
005 20260324143805.0
008 008 260324s9999 xx 000 0 eng d
020 _a9780429471490
037 _aEBOOK
040 _aCRL
040 _beng
040 _cCRL
041 _2eng
041 _aeng
084 _qCRL
100 _aDidier Anzieu; Gilbert Tarrab
_91216936
245 2 _aA Skin for Thought
245 0 _bInterviews with Gilbert Tarrab on Psychology and Psychoanalysis
260 _bTaylor and Francis
260 _c1990
365 _a
365 _b180
856 _uhttp://www.taylorfrancis.com/books/9780429471490
942 _cEBOOK
999 _c1822756
_d1822756